00382nam a22001337a 4500008004100000020001800041082002000059100003200079245001800111260002600129300002000155650004300175700003000218150320b xxu||||| |||| 00| 0 eng d a9782882130433 a898.324bL 427p aLayme, Felix y Albo, Xavier aPoesie Aymara aSuizabPATIÑOc2007 a294billc24 cm xLiteraturaxPoesiaxAymara-Sur America aFelix Layme y Xavier Albo